[Event "Team Championship of Russia (rapid)"]
[Site "Sochi"]
[Date "2015.05.08"]
[Round "1.31"]
[White "Skomorokhin, Vadim"]
[Black "Tregubov, Pavel V."]
[Result "0-1"]
[LiveChessVersion "1.4.4"]
[BlackElo "2671"]
[WhiteElo "2311"]
[BlackTeam "University"]
[WhiteTeam "SK Volga"]

1. d4 {[%clk 0:15:18]} d5 {[%clk 0:15:14]} 2. Bg5 {[%clk 0:15:26]} c6
{[%clk 0:15:23]} 3. Nf3 {[%clk 0:15:33]} Qb6 {[%clk 0:15:32]} 4. b3
{[%clk 0:15:41]} Bf5 {[%clk 0:15:16]} 5. e3 {[%clk 0:15:50]} e6 {[%clk 0:15:18]}
6. Bd3 {[%clk 0:15:59]} Bxd3 {[%clk 0:15:19]} 7. Qxd3 {[%clk 0:16:07]} Nd7
{[%clk 0:15:16]} 8. O-O {[%clk 0:16:15]} Ngf6 {[%clk 0:15:24]} 9. Nbd2
{[%clk 0:16:24]} h6 {[%clk 0:15:03]} 10. Bh4 {[%clk 0:16:33]} Ba3
{[%clk 0:14:44]} 11. c4 {[%clk 0:16:41]} O-O {[%clk 0:14:15]} 12. c5
{[%clk 0:16:43]} Qa5 {[%clk 0:13:30]} 13. Rab1 {[%clk 0:16:15]} b6
{[%clk 0:13:17]} 14. cxb6 {[%clk 0:16:19]} axb6 {[%clk 0:13:22]} 15. e4
{[%clk 0:16:23]} Nxe4 {[%clk 0:12:57]} 16. Nxe4 {[%clk 0:16:30]} dxe4
{[%clk 0:13:06]} 17. Qxe4 {[%clk 0:16:38]} Qd5 {[%clk 0:13:12]} 18. Qg4
{[%clk 0:16:26]} b5 {[%clk 0:13:06]} 19. Rfe1 {[%clk 0:16:23]} Bd6
{[%clk 0:12:17]} 20. Re2 {[%clk 0:16:24]} Ra7 {[%clk 0:11:35]} 21. Rbb2
{[%clk 0:16:16]} Rfa8 {[%clk 0:11:33]} 22. Rbd2 {[%clk 0:16:04]} Bb4
{[%clk 0:11:07]} 23. Rc2 {[%clk 0:15:59]} c5 {[%clk 0:10:17]} 24. h3
{[%clk 0:16:03]} c4 {[%clk 0:10:15]} 25. bxc4 {[%clk 0:16:09]} bxc4
{[%clk 0:10:25]} 26. Ne5 {[%clk 0:16:07]} Rc8 {[%clk 0:08:40]} 27. Nxd7
{[%clk 0:16:05]} Rxd7 {[%clk 0:08:47]} 28. Bf6 {[%clk 0:16:09]} Bf8
{[%clk 0:08:52]} 29. Be5 {[%clk 0:15:49]} Kh7 {[%clk 0:08:44]} 30. Red2
{[%clk 0:15:42]} f6 {[%clk 0:08:25]} 31. Bg3 {[%clk 0:15:41]} Rc6
{[%clk 0:08:18]} 32. h4 {[%clk 0:15:34]} Bb4 {[%clk 0:07:17]} 33. Rd1
{[%clk 0:15:25]} Kh8 {[%clk 0:06:39]} 34. Rcc1 {[%clk 0:15:12]} c3
{[%clk 0:06:24]} 35. Rc2 {[%clk 0:15:10]} Ba5 {[%clk 0:05:23]} 36. Qg6
{[%clk 0:14:48]} Rc8 {[%clk 0:05:16]} 37. Re1 {[%clk 0:14:27]} Qf5
{[%clk 0:05:03]} 38. Qxf5 {[%clk 0:14:26]} exf5 {[%clk 0:05:12]} 39. Rd1
{[%clk 0:14:07]} Rcd8 {[%clk 0:04:14]} 40. Kf1 {[%clk 0:14:11]} Rxd4
{[%clk 0:04:18]} 41. Rxd4 {[%clk 0:14:14]} Rxd4 {[%clk 0:04:28]} 42. f3
{[%clk 0:13:59]} h5 {[%clk 0:03:11]} 43. Ke2 {[%clk 0:14:04]} Kh7
{[%clk 0:03:14]} 44. Be1 {[%clk 0:14:11]} Kg6 {[%clk 0:02:54]} 45. Bxc3
{[%clk 0:14:02]} Bxc3 {[%clk 0:03:02]} 46. Rxc3 {[%clk 0:14:11]} Rxh4
{[%clk 0:03:11]} 47. Kd3 {[%clk 0:13:57]} Ra4 {[%clk 0:03:08]} 48. a3
{[%clk 0:14:04]} f4 {[%clk 0:03:08]} 49. Kc2 {[%clk 0:14:12]} Kg5
{[%clk 0:03:08]} 50. Kb3 {[%clk 0:14:19]} Ra8 {[%clk 0:02:40]} 51. Rc4
{[%clk 0:14:27]} Re8 {[%clk 0:02:40]} 52. a4 {[%clk 0:14:31]} Re3+
{[%clk 0:02:47]} 53. Kb2 {[%clk 0:14:30]} Re2+ {[%clk 0:02:53]} 54. Rc2
{[%clk 0:14:39]} Re5 {[%clk 0:03:02]} 55. Kb3 {[%clk 0:14:41]} Kh4
{[%clk 0:02:56]} 56. Ra2 {[%clk 0:14:50]} Kg3 {[%clk 0:02:57]} 57. Kb4
{[%clk 0:14:52]} h4 {[%clk 0:02:58]} 58. a5 {[%clk 0:15:01]} h3 {[%clk 0:03:00]}
59. gxh3 {[%clk 0:15:08]} Kxf3 {[%clk 0:03:07]} 60. a6 {[%clk 0:15:14]} Re8
{[%clk 0:03:14]} 61. a7 Ra8 62. Kc5 {[%clk 0:15:28]} Kg3 {[%clk 0:03:31]} 63.
Ra3+ {[%clk 0:10:07]} f3 {[%clk 0:03:30]} 64. Kd4 {[%clk 0:10:10]} Kg2
{[%clk 0:03:36]} 65. Ke3 {[%clk 0:10:15]} f2 {[%clk 0:03:34]} 66. Ra2
{[%clk 0:10:22]} Re8+ {[%clk 0:03:33]} 67. Kf4 {[%clk 0:09:59]} Kg1
{[%clk 0:03:35]} 0-1

[Event "Team Championship of Russia (rapid)"]
[Site "Sochi"]
[Date "2015.05.08"]
[Round "1.32"]
[White "Cherniaev, Alexander"]
[Black "Talanin, Andrei"]
[Result "1-0"]
[LiveChessVersion "1.4.4"]
[BlackElo "2278"]
[WhiteElo "2656"]
[BlackTeam "SK Volga"]
[WhiteTeam "University"]

1. d4 {[%clk 0:15:17]} d5 {[%clk 0:15:14]} 2. Nf3 {[%clk 0:15:25]} Nf6
{[%clk 0:15:18]} 3. g3 {[%clk 0:15:34]} Bf5 {[%clk 0:14:45]} 4. c4
{[%clk 0:15:37]} e6 {[%clk 0:14:34]} 5. Nc3 {[%clk 0:15:45]} c6 {[%clk 0:14:31]}
6. Bg2 {[%clk 0:15:53]} Be7 {[%clk 0:14:39]} 7. Qb3 {[%clk 0:16:01]} Qb6
{[%clk 0:13:42]} 8. c5 {[%clk 0:16:09]} Qxb3 {[%clk 0:13:33]} 9. axb3
{[%clk 0:16:18]} Na6 {[%clk 0:13:30]} 10. Ne5 {[%clk 0:16:15]} Nb4
{[%clk 0:12:57]} 11. Ra4 {[%clk 0:16:21]} a5 {[%clk 0:12:36]} 12. f3
{[%clk 0:16:25]} Bc2 {[%clk 0:12:31]} 13. Ra3 {[%clk 0:16:34]} Nd7
{[%clk 0:12:10]} 14. Nxd7 {[%clk 0:15:41]} Kxd7 {[%clk 0:12:19]} 15. e4
{[%clk 0:13:51]} Bd3 {[%clk 0:07:00]} 16. Kd1 {[%clk 0:12:25]} Bf6
{[%clk 0:06:29]} 17. e5 {[%clk 0:12:14]} Be7 {[%clk 0:06:28]} 18. Na4
{[%clk 0:11:04]} Bd8 {[%clk 0:06:26]} 19. Bf1 {[%clk 0:08:17]} Bc2+
{[%clk 0:06:30]} 20. Kd2 {[%clk 0:08:19]} h5 {[%clk 0:06:35]} 21. Kc3
{[%clk 0:07:44]} h4 {[%clk 0:06:00]} 22. g4 h3 {[%clk 0:05:34]} 23. Bf4
{[%clk 0:07:47]} Bc7 {[%clk 0:05:18]} 24. Bg3 {[%clk 0:07:52]} Raf8
{[%clk 0:04:45]} 25. Be2 {[%clk 0:07:55]} f6 {[%clk 0:04:41]} 26. exf6
{[%clk 0:07:40]} Rxf6 {[%clk 0:03:32]} 27. Nb6+ {[%clk 0:07:40]} Bxb6
{[%clk 0:02:48]} 28. cxb6 {[%clk 0:07:48]} c5 {[%clk 0:01:53]} 29. Rxa5
{[%clk 0:07:41]} e5 {[%clk 0:00:31]} 30. Rxc5 {[%clk 0:07:42]} Rxb6
{[%clk 0:00:33]} 31. Bxe5 {[%clk 0:07:43]} Bg6 {[%clk 0:00:32]} 32. Bb5+
{[%clk 0:07:24]} Ke7 {[%clk 0:00:16]} 33. Kxb4 {[%clk 0:07:31]} 1-0

[Event "Team Championship of Russia (rapid)"]
[Site "Sochi"]
[Date "2015.05.08"]
[Round "1.33"]
[White "Yudin, Sergei"]
[Black "Golubov, Saveliy"]
[Result "0-1"]
[LiveChessVersion "1.4.4"]
[BlackElo "2440"]
[WhiteElo "2642"]
[BlackTeam "SHK Rakita"]
[WhiteTeam "Polytechnic"]

1. e4 {[%clk 0:15:18]} c5 {[%clk 0:15:19]} 2. Nf3 {[%clk 0:15:26]} e6
{[%clk 0:15:28]} 3. b3 {[%clk 0:15:34]} a6 {[%clk 0:15:28]} 4. Bb2
{[%clk 0:15:39]} d5 {[%clk 0:15:37]} 5. exd5 {[%clk 0:15:18]} exd5
{[%clk 0:15:44]} 6. Qe2+ {[%clk 0:15:27]} Qe7 {[%clk 0:15:21]} 7. Nc3
{[%clk 0:15:30]} Nf6 {[%clk 0:14:50]} 8. O-O-O {[%clk 0:15:20]} d4
{[%clk 0:12:57]} 9. Na4 {[%clk 0:15:29]} Qxe2 {[%clk 0:12:23]} 10. Bxe2
{[%clk 0:15:37]} Nbd7 {[%clk 0:09:35]} 11. Rde1 {[%clk 0:15:45]} Be7
{[%clk 0:08:36]} 12. b4 {[%clk 0:15:12]} cxb4 {[%clk 0:08:28]} 13. Nxd4
{[%clk 0:15:17]} O-O {[%clk 0:07:56]} 14. Bf3 {[%clk 0:15:25]} Bd8
{[%clk 0:07:40]} 15. Nf5 {[%clk 0:14:34]} Rb8 {[%clk 0:07:49]} 16. Bd4
{[%clk 0:14:05]} b5 {[%clk 0:07:44]} 17. Nb2 {[%clk 0:14:14]} Bb7
{[%clk 0:06:08]} 18. Nd3 {[%clk 0:13:57]} Bxf3 {[%clk 0:05:29]} 19. gxf3
{[%clk 0:14:05]} a5 {[%clk 0:05:39]} 20. Ne5 {[%clk 0:13:10]} Nxe5
{[%clk 0:05:17]} 21. Bxe5 {[%clk 0:13:17]} Rc8 {[%clk 0:05:24]} 22. Rhg1
{[%clk 0:11:55]} g6 {[%clk 0:05:32]} 23. Nd6 {[%clk 0:12:04]} Rc5
{[%clk 0:04:43]} 24. d4 {[%clk 0:11:18]} Rd5 {[%clk 0:04:33]} 25. Nb7
{[%clk 0:11:23]} Ne8 {[%clk 0:04:25]} 26. Nxd8 {[%clk 0:10:57]} Rxd8
{[%clk 0:04:34]} 27. Rd1 {[%clk 0:10:46]} Rd5 {[%clk 0:04:30]} 28. Rge1
{[%clk 0:10:44]} f6 {[%clk 0:04:40]} 29. Bg3 {[%clk 0:10:49]} Kf7
{[%clk 0:04:46]} 30. Re3 {[%clk 0:10:49]} Ng7 {[%clk 0:04:52]} 31. Bc7
{[%clk 0:10:28]} Ra8 {[%clk 0:04:58]} 32. Bb6 {[%clk 0:10:11]} Ra6
{[%clk 0:04:56]} 33. Bc5 {[%clk 0:10:11]} Ne6 {[%clk 0:05:05]} 34. Rde1
{[%clk 0:10:16]} Rc6 {[%clk 0:05:10]} 35. Kb2 {[%clk 0:09:59]} g5
{[%clk 0:05:19]} 36. Ba7 {[%clk 0:09:15]} Rd7 {[%clk 0:03:41]} 37. Rd1
{[%clk 0:09:01]} Rcd6 {[%clk 0:03:31]} 38. d5 {[%clk 0:08:41]} Nf4
{[%clk 0:03:39]} 39. Bc5 {[%clk 0:07:48]} Rxd5 {[%clk 0:03:46]} 40. Rxd5
{[%clk 0:07:57]} Nxd5 {[%clk 0:03:49]} 41. Rd3 {[%clk 0:08:04]} Ke6
{[%clk 0:03:57]} 42. a3 {[%clk 0:08:13]} bxa3+ {[%clk 0:04:00]} 43. Rxa3
{[%clk 0:08:21]} Rc7 {[%clk 0:04:08]} 44. Bd4 {[%clk 0:08:15]} Rc4
{[%clk 0:04:15]} 45. Rd3 {[%clk 0:08:13]} Nb4 {[%clk 0:03:54]} 46. Re3+
{[%clk 0:08:16]} Kf7 {[%clk 0:03:50]} 47. c3 {[%clk 0:08:19]} Nd5
{[%clk 0:03:58]} 48. Rd3 {[%clk 0:08:25]} Ke6 {[%clk 0:04:03]} 49. Rd2
{[%clk 0:08:31]} Kf5 {[%clk 0:03:31]} 50. Rd3 {[%clk 0:08:40]} h5
{[%clk 0:03:37]} 51. Ba7 {[%clk 0:08:40]} Ke6 {[%clk 0:03:29]} 52. Bd4
{[%clk 0:08:42]} a4 {[%clk 0:03:36]} 53. Rd2 {[%clk 0:08:48]} b4 {[%clk 0:03:42]}
54. cxb4 {[%clk 0:08:56]} Rxb4+ {[%clk 0:03:49]} 55. Ka3 {[%clk 0:09:02]} Rc4
{[%clk 0:03:41]} 56. Ba7 {[%clk 0:08:30]} Nc7 {[%clk 0:03:42]} 57. Rb2
{[%clk 0:08:31]} h4 {[%clk 0:03:33]} 58. h3 {[%clk 0:08:14]} Nd5 {[%clk 0:03:38]}
0-1

[Event "Team Championship of Russia (rapid)"]
[Site "Sochi"]
[Date "2015.05.08"]
[Round "1.34"]
[White "Ivanov, Alexander Al."]
[Black "Goganov, Aleksey"]
[Result "1/2-1/2"]
[LiveChessVersion "1.4.4"]
[BlackElo "2500"]
[WhiteElo "2407"]
[BlackTeam "Polytechnic"]
[WhiteTeam "SHK Rakita"]

1. e4 {[%clk 0:15:18]} d6 {[%clk 0:15:18]} 2. Nf3 {[%clk 0:15:26]} Nf6
{[%clk 0:15:24]} 3. Nc3 {[%clk 0:15:30]} e5 {[%clk 0:15:28]} 4. g3
{[%clk 0:15:39]} g6 {[%clk 0:15:21]} 5. Bg2 Bg7 6. O-O {[%clk 0:15:57]} O-O
{[%clk 0:15:39]} 7. d4 {[%clk 0:16:06]} Nbd7 {[%clk 0:15:32]} 8. dxe5
{[%clk 0:15:52]} Nxe5 {[%clk 0:15:26]} 9. Nxe5 {[%clk 0:16:01]} dxe5
{[%clk 0:15:35]} 10. Qxd8 {[%clk 0:16:07]} Rxd8 {[%clk 0:15:44]} 11. Bg5
{[%clk 0:16:15]} c6 {[%clk 0:15:30]} 12. Rfd1 {[%clk 0:16:17]} Be6
{[%clk 0:15:23]} 13. f3 {[%clk 0:16:02]} Rxd1+ {[%clk 0:14:43]} 14. Rxd1
{[%clk 0:16:11]} Nd7 {[%clk 0:14:49]} 15. Bf1 {[%clk 0:16:05]} Bf8
{[%clk 0:14:48]} 16. a3 {[%clk 0:15:57]} b5 {[%clk 0:13:38]} 17. Be3
{[%clk 0:15:47]} a5 {[%clk 0:13:39]} 18. Ra1 {[%clk 0:14:33]} f6 {[%clk 0:12:50]}
19. Kf2 {[%clk 0:14:32]} Kf7 {[%clk 0:12:58]} 20. Ne2 {[%clk 0:14:37]} Rb8
{[%clk 0:12:28]} 21. Nc1 {[%clk 0:14:41]} Nb6 {[%clk 0:12:18]} 22. Nd3
{[%clk 0:12:00]} Nc4 {[%clk 0:12:03]} 23. Bc1 {[%clk 0:12:05]} a4
{[%clk 0:11:44]} 24. Be2 {[%clk 0:10:36]} Bd6 {[%clk 0:11:20]} 25. f4
{[%clk 0:10:04]} exf4 {[%clk 0:09:29]} 26. Bxf4 {[%clk 0:09:48]} Ne5
{[%clk 0:07:59]} 27. Nxe5+ {[%clk 0:09:53]} fxe5 {[%clk 0:07:09]} 28. Bd2
{[%clk 0:09:52]} Bc4 {[%clk 0:05:30]} 29. Bb4 {[%clk 0:07:43]} Bxb4
{[%clk 0:05:05]} 30. axb4 {[%clk 0:07:51]} Bxe2 {[%clk 0:04:50]} 31. Kxe2
{[%clk 0:07:59]} Rc8 {[%clk 0:04:49]} 32. Ra3 {[%clk 0:07:06]} c5
{[%clk 0:04:51]} 33. Rc3 {[%clk 0:07:11]} c4 {[%clk 0:04:56]} 34. Rf3+
{[%clk 0:07:19]} Ke6 {[%clk 0:05:04]} 35. Ra3 {[%clk 0:07:04]} Rd8
{[%clk 0:04:47]} 36. c3 {[%clk 0:07:09]} Rd3 {[%clk 0:04:47]} 37. Ra1
{[%clk 0:07:17]} h5 {[%clk 0:04:28]} 38. Rd1 {[%clk 0:06:28]} a3 39. bxa3 Rxc3
40. Rd5 Rxa3 {[%clk 0:04:26]} 41. Rxb5 {[%clk 0:06:56]} Ra2+ {[%clk 0:04:34]} 42.
Kf3 {[%clk 0:07:05]} Rxh2 {[%clk 0:04:37]} 43. Rb6+ {[%clk 0:07:13]} Kf7
{[%clk 0:04:44]} 44. Rb7+ {[%clk 0:07:10]} Kf6 {[%clk 0:04:06]} 45. Rb6+
{[%clk 0:07:19]} Kg5 {[%clk 0:02:39]} 46. Rb5 {[%clk 0:07:08]} Kf6
{[%clk 0:02:02]} 47. Rb6+ {[%clk 0:07:18]} Kf7 {[%clk 0:02:08]} 48. Rb7+
{[%clk 0:07:27]} Kf6 {[%clk 0:01:46]} 49. Rb6+ Kg7 50. Re6 {[%clk 0:06:00]} Rb2
{[%clk 0:02:00]} 51. Rxe5 {[%clk 0:06:10]} Rxb4 52. Rc5 Rb3+ {[%clk 0:01:48]} 53.
Kf4 {[%clk 0:06:28]} Rc3 {[%clk 0:01:56]} 54. e5 {[%clk 0:06:07]} Kf7
{[%clk 0:01:02]} 55. Rc7+ {[%clk 0:06:09]} Ke6 {[%clk 0:01:06]} 1/2-1/2

[Event "Team Championship of Russia (rapid)"]
[Site "Sochi"]
[Date "2015.05.08"]
[Round "1.35"]
[White "Pogromsky, Mikhail"]
[Black "Khoroshilov, Nikita"]
[Result "1-0"]
[LiveChessVersion "1.4.4"]
[BlackElo "2283"]
[WhiteElo "2428"]
[BlackTeam "SHK Rakita"]
[WhiteTeam "Polytechnic"]

1. Nf3 {[%clk 0:15:16]} g6 {[%clk 0:15:19]} 2. d4 {[%clk 0:15:22]} Nf6
{[%clk 0:15:25]} 3. c4 {[%clk 0:15:30]} d6 {[%clk 0:15:34]} 4. Nc3
{[%clk 0:15:38]} Bg7 {[%clk 0:15:42]} 5. h3 {[%clk 0:15:47]} O-O {[%clk 0:15:50]}
6. Bg5 {[%clk 0:15:56]} Nbd7 {[%clk 0:15:40]} 7. e3 {[%clk 0:16:04]} e5
{[%clk 0:15:41]} 8. Be2 {[%clk 0:16:13]} Re8 {[%clk 0:15:43]} 9. O-O
{[%clk 0:16:20]} h6 {[%clk 0:14:30]} 10. Bh4 {[%clk 0:16:29]} g5 {[%clk 0:14:19]}
11. Bg3 {[%clk 0:16:38]} e4 {[%clk 0:14:25]} 12. Nd2 {[%clk 0:16:46]} Nf8
{[%clk 0:13:54]} 13. b4 {[%clk 0:16:55]} Bf5 {[%clk 0:13:51]} 14. c5
{[%clk 0:15:42]} d5 {[%clk 0:13:15]} 15. a4 {[%clk 0:15:47]} Qd7 {[%clk 0:12:59]}
16. b5 {[%clk 0:15:08]} c6 {[%clk 0:13:02]} 17. a5 {[%clk 0:15:01]} g4
{[%clk 0:12:27]} 18. hxg4 {[%clk 0:14:53]} Bxg4 {[%clk 0:12:24]} 19. a6
{[%clk 0:14:53]} Bxe2 {[%clk 0:10:49]} 20. Qxe2 {[%clk 0:14:58]} b6
{[%clk 0:10:47]} 21. cxb6 {[%clk 0:14:31]} axb6 {[%clk 0:10:55]} 22. bxc6
{[%clk 0:14:39]} Qxc6 {[%clk 0:11:00]} 23. Nb5 {[%clk 0:14:27]} Ne6
{[%clk 0:09:34]} 24. Rfc1 {[%clk 0:12:41]} Qd7 {[%clk 0:09:42]} 25. Nd6
{[%clk 0:12:03]} Nh5 {[%clk 0:06:08]} 26. Qxh5 {[%clk 0:11:59]} 1-0

[Event "Team Championship of Russia (rapid)"]
[Site "Sochi"]
[Date "2015.05.08"]
[Round "1.36"]
[White "Konaplev, Anton"]
[Black "Vokarev, Sergey"]
[Result "1-0"]
[LiveChessVersion "1.4.4"]
[BlackElo "2430"]
[WhiteElo "2033"]
[BlackTeam "Polytechnic"]
[WhiteTeam "SHK Rakita"]

1. c4 {[%clk 0:15:17]} Nf6 {[%clk 0:15:17]} 2. Nc3 {[%clk 0:15:25]} g6
{[%clk 0:15:24]} 3. e4 {[%clk 0:15:31]} c5 {[%clk 0:15:33]} 4. Nf3
{[%clk 0:15:33]} Nc6 {[%clk 0:15:37]} 5. d4 {[%clk 0:15:38]} cxd4
{[%clk 0:15:45]} 6. Nxd4 {[%clk 0:15:46]} Bg7 {[%clk 0:15:48]} 7. Be3
{[%clk 0:15:53]} O-O {[%clk 0:15:52]} 8. Be2 {[%clk 0:16:01]} b6 {[%clk 0:16:01]}
9. O-O {[%clk 0:15:58]} Bb7 {[%clk 0:16:10]} 10. f3 {[%clk 0:15:44]} Nh5
{[%clk 0:16:18]} 11. Qd2 {[%clk 0:15:40]} Nf4 {[%clk 0:15:49]} 12. Bxf4
{[%clk 0:15:25]} Nxd4 {[%clk 0:15:52]} 13. Be3 {[%clk 0:14:46]} Nxe2+
{[%clk 0:15:53]} 14. Nxe2 {[%clk 0:14:54]} Rc8 {[%clk 0:15:39]} 15. Rac1
{[%clk 0:14:57]} Qc7 {[%clk 0:15:18]} 16. Rfd1 {[%clk 0:14:41]} d6
{[%clk 0:15:23]} 17. Bd4 {[%clk 0:14:46]} Bxd4+ {[%clk 0:15:17]} 18. Nxd4
{[%clk 0:14:13]} a6 {[%clk 0:15:00]} 19. b4 {[%clk 0:13:51]} e6 {[%clk 0:14:34]}
20. Nb3 {[%clk 0:13:36]} Rfd8 {[%clk 0:14:34]} 21. Qd4 {[%clk 0:13:13]} a5
{[%clk 0:12:58]} 22. a3 {[%clk 0:12:19]} axb4 {[%clk 0:13:01]} 23. axb4
{[%clk 0:12:27]} Ra8 {[%clk 0:12:46]} 24. Ra1 {[%clk 0:12:14]} e5
{[%clk 0:11:38]} 25. Qd3 {[%clk 0:10:21]} Rxa1 {[%clk 0:11:42]} 26. Rxa1
{[%clk 0:10:22]} Bc8 {[%clk 0:11:14]} 27. Ra8 {[%clk 0:07:35]} Be6
{[%clk 0:10:29]} 28. Rxd8+ {[%clk 0:07:38]} Qxd8 {[%clk 0:10:38]} 29. Nd2
{[%clk 0:07:00]} Qc7 {[%clk 0:10:30]} 30. Kf2 {[%clk 0:06:10]} Kf8
{[%clk 0:10:12]} 31. g3 {[%clk 0:05:47]} h6 {[%clk 0:10:05]} 32. Kg2
{[%clk 0:05:42]} Ke7 {[%clk 0:10:06]} 33. Qa3 {[%clk 0:04:48]} Bxc4
{[%clk 0:09:15]} 34. Nxc4 {[%clk 0:04:52]} Qxc4 {[%clk 0:09:23]} 35. Qa7+
{[%clk 0:04:59]} Ke6 {[%clk 0:09:29]} 36. Qxb6 {[%clk 0:04:54]} Qe2+
{[%clk 0:09:23]} 37. Qf2 {[%clk 0:03:33]} Qc4 {[%clk 0:08:44]} 38. Qb2
{[%clk 0:03:36]} Kd7 {[%clk 0:08:45]} 39. b5 {[%clk 0:02:11]} Kc7
{[%clk 0:08:51]} 40. b6+ {[%clk 0:02:13]} Kb7 {[%clk 0:08:57]} 41. Qa3
{[%clk 0:02:03]} Kc6 {[%clk 0:07:32]} 42. Qa8+ {[%clk 0:01:05]} Kxb6
{[%clk 0:07:37]} 43. Qb8+ {[%clk 0:01:10]} Kc6 {[%clk 0:07:23]} 44. Qc8+
{[%clk 0:01:19]} Kb5 {[%clk 0:07:32]} 45. Qb8+ {[%clk 0:01:19]} Ka4
{[%clk 0:07:31]} 46. Qxd6 {[%clk 0:01:11]} Qe2+ {[%clk 0:07:40]} 47. Kg1
{[%clk 0:00:49]} Qxf3 {[%clk 0:07:39]} 48. Qxe5 {[%clk 0:00:54]} Qe3+
{[%clk 0:07:00]} 49. Kg2 {[%clk 0:01:01]} Qd2+ {[%clk 0:06:59]} 50. Kh3
{[%clk 0:00:53]} Qd7+ {[%clk 0:07:03]} 51. Kg2 {[%clk 0:01:02]} Qd2+
{[%clk 0:05:51]} 52. Kh3 {[%clk 0:01:11]} Qf2 {[%clk 0:04:44]} 53. Qf4
{[%clk 0:00:30]} Qxf4 {[%clk 0:04:51]} 54. gxf4 {[%clk 0:00:39]} Kb5
{[%clk 0:05:00]} 55. Kg4 {[%clk 0:00:38]} Kc5 {[%clk 0:05:08]} 56. f5
{[%clk 0:00:26]} Kd4 {[%clk 0:05:12]} 57. fxg6 {[%clk 0:00:31]} fxg6
{[%clk 0:05:21]} 58. Kf4 {[%clk 0:00:39]} Kc5 {[%clk 0:04:52]} 59. Ke5
{[%clk 0:00:48]} g5 {[%clk 0:04:26]} 60. Kf6 {[%clk 0:00:51]} g4 {[%clk 0:04:20]}
61. e5 h5 62. e6 h4 63. e7 {[%clk 0:01:18]} g3 {[%clk 0:04:46]} 64. hxg3
{[%clk 0:01:26]} 1-0

[Event "Team Championship of Russia (rapid)"]
[Site "Sochi"]
[Date "2015.05.08"]
[Round "2.1"]
[White "Alekseev, Evgeny"]
[Black "Svidler, Peter"]
[Result "1/2-1/2"]
[LiveChessVersion "1.4.4"]
[BlackElo "2649"]
[WhiteElo "2801"]
[BlackTeam "The Bronze Horseman"]
[WhiteTeam "University"]

1. e4 {[%clk 0:15:18]} d6 {[%clk 0:15:04]} 2. d4 {[%clk 0:15:17]} Nf6
{[%clk 0:15:13]} 3. Nc3 {[%clk 0:15:22]} g6 {[%clk 0:15:18]} 4. Nf3
{[%clk 0:15:10]} Bg7 {[%clk 0:15:27]} 5. Be2 {[%clk 0:15:18]} O-O
{[%clk 0:15:34]} 6. O-O {[%clk 0:15:24]} Nbd7 {[%clk 0:15:13]} 7. Bf4
{[%clk 0:14:43]} c6 {[%clk 0:14:59]} 8. Qd2 {[%clk 0:12:35]} Qc7 {[%clk 0:12:53]}
9. e5 {[%clk 0:11:55]} Nh5 {[%clk 0:12:58]} 10. exd6 {[%clk 0:11:43]} exd6
{[%clk 0:13:06]} 11. Bh6 {[%clk 0:11:52]} d5 {[%clk 0:12:53]} 12. Bxg7
{[%clk 0:11:32]} 1/2-1/2

[Event "Team Championship of Russia (rapid)"]
[Site "Sochi"]
[Date "2015.05.08"]
[Round "2.2"]
[White "Vitiugov, Nikita"]
[Black "Landa, Konstantin"]
[Result "1/2-1/2"]
[LiveChessVersion "1.4.4"]
[BlackElo "2608"]
[WhiteElo "2686"]
[BlackTeam "University"]
[WhiteTeam "The Bronze Horseman"]

1. d4 {[%clk 0:15:15]} d5 {[%clk 0:15:19]} 2. Nf3 {[%clk 0:15:23]} c5
{[%clk 0:15:24]} 3. c4 {[%clk 0:15:31]} cxd4 {[%clk 0:15:31]} 4. cxd5
{[%clk 0:15:35]} Nf6 {[%clk 0:15:39]} 5. Qxd4 {[%clk 0:15:27]} Qxd5
{[%clk 0:15:47]} 6. Nc3 {[%clk 0:15:32]} Qxd4 {[%clk 0:15:56]} 7. Nxd4
{[%clk 0:15:40]} a6 {[%clk 0:16:04]} 8. g3 {[%clk 0:15:16]} e5 {[%clk 0:16:12]}
9. Nb3 {[%clk 0:15:00]} Bd7 {[%clk 0:16:19]} 10. Bg2 {[%clk 0:14:58]} Bc6
{[%clk 0:16:27]} 11. Bxc6+ {[%clk 0:14:58]} Nxc6 {[%clk 0:16:27]} 12. Bg5
{[%clk 0:13:48]} Bb4 {[%clk 0:14:16]} 13. Bxf6 {[%clk 0:13:56]} Bxc3+
{[%clk 0:13:25]} 14. bxc3 {[%clk 0:14:04]} gxf6 {[%clk 0:13:34]} 15. O-O-O
{[%clk 0:12:53]} Rc8 {[%clk 0:12:38]} 16. Kb2 {[%clk 0:12:44]} Ke7
{[%clk 0:12:34]} 17. Rd3 {[%clk 0:11:49]} Rhd8 {[%clk 0:12:34]} 18. Rhd1
{[%clk 0:11:28]} Rxd3 {[%clk 0:12:24]} 19. Rxd3 {[%clk 0:11:33]} Nb8
{[%clk 0:11:00]} 20. g4 {[%clk 0:11:05]} Rg8 {[%clk 0:10:53]} 21. Rg3
{[%clk 0:10:47]} Nd7 {[%clk 0:10:59]} 22. Kc2 {[%clk 0:09:56]} Ke6
{[%clk 0:10:00]} 23. f3 {[%clk 0:09:18]} Rc8 {[%clk 0:08:31]} 24. Rh3
{[%clk 0:08:57]} Nb6 {[%clk 0:08:25]} 25. Nd2 {[%clk 0:08:56]} Nd5
{[%clk 0:08:13]} 26. Ne4 {[%clk 0:09:03]} Nf4 {[%clk 0:06:45]} 27. Rxh7
{[%clk 0:08:24]} Nxe2 {[%clk 0:06:54]} 28. Rh6 {[%clk 0:08:04]} Ke7
{[%clk 0:06:55]} 29. h4 {[%clk 0:05:58]} Nd4+ {[%clk 0:03:24]} 30. Kd3
{[%clk 0:06:06]} Nxf3 {[%clk 0:03:33]} 31. Nxf6 {[%clk 0:05:26]} Rc5
{[%clk 0:03:24]} 32. g5 {[%clk 0:04:10]} b5 {[%clk 0:02:41]} 33. Ne4
{[%clk 0:03:42]} Rc4 {[%clk 0:02:50]} 34. Ke3 {[%clk 0:01:56]} Ne1
{[%clk 0:02:58]} 35. Nd6 {[%clk 0:01:54]} Rf4 {[%clk 0:03:05]} 36. Nc8+
{[%clk 0:01:43]} Kd8 {[%clk 0:02:48]} 37. Rh8+ {[%clk 0:01:49]} Kc7
{[%clk 0:02:31]} 38. h5 {[%clk 0:01:48]} Ng2+ {[%clk 0:02:31]} 39. Ke2
{[%clk 0:01:52]} Rf5 {[%clk 0:02:30]} 40. Ne7 {[%clk 0:01:08]} Rxg5
{[%clk 0:02:36]} 41. h6 {[%clk 0:01:12]} Kd7 {[%clk 0:02:01]} 42. Nd5
{[%clk 0:01:07]} Nf4+ {[%clk 0:01:48]} 43. Nxf4 {[%clk 0:01:16]} exf4
{[%clk 0:01:57]} 44. Rf8 {[%clk 0:00:45]} Rh5 {[%clk 0:01:24]} 45. Rxf7+
{[%clk 0:00:52]} Ke6 {[%clk 0:01:04]} 46. Ra7 {[%clk 0:00:59]} Kd5
{[%clk 0:00:56]} 47. Rxa6 {[%clk 0:01:04]} Rh3 {[%clk 0:00:58]} 48. Kd2
{[%clk 0:00:45]} Rh2+ {[%clk 0:01:01]} 49. Kd3 {[%clk 0:00:52]} Rh3+
{[%clk 0:01:09]} 50. Kc2 {[%clk 0:00:56]} f3 {[%clk 0:00:55]} 51. Kd3
{[%clk 0:00:46]} f2+ {[%clk 0:00:47]} 52. Ke2 {[%clk 0:00:54]} Rh2
{[%clk 0:00:53]} 53. Rf6 {[%clk 0:00:38]} Kc4 {[%clk 0:00:50]} 54. Rc6+
{[%clk 0:00:45]} Kd5 {[%clk 0:00:58]} 55. Rf6 {[%clk 0:00:53]} Kc4
{[%clk 0:01:08]} 56. Rc6+ {[%clk 0:00:24]} Kd5 {[%clk 0:01:17]} 57. Rb6
{[%clk 0:00:33]} Kc4 {[%clk 0:01:14]} 58. Rc6+ {[%clk 0:00:22]} 1/2-1/2